| 000 | 00641nam a22002297a 4500 | ||
|---|---|---|---|
| 003 | OSt | ||
| 005 | 20140310183626.0 | ||
| 008 | 131024b xxu||||| |||| 00| 0 eng d | ||
| 020 | _a0256027570 | ||
| 050 |
_aHF 5635 _b.An628 1983 |
||
| 100 | _aRobert N. Anthony. | ||
| 245 |
_aAccounting / _btext and cases. _cRobert N. Anthony |
||
| 260 |
_aHomewood, Ill. : _bR.D. Irwin, _c1956. |
||
| 300 |
_a974 p. : _bill.; _c24 cm. |
||
| 521 | _aBSA | ||
| 650 | _aAccounting. | ||
| 650 |
_aAccounting _vEtude de cas. _x Case studies. |
||
| 700 | _a David F. Hawkins. | ||
| 700 | _aKenneth A. Merchant. | ||
| 942 |
_2lcc _cBK _kFOR |
||
| 999 |
_c25519 _d25519 |
||